• 首页
  • 本馆介绍
  • 公告通知
  • 最新文献
  • 馆藏检索
  • 电子资源
  • 读者导购
  • 参考咨询
  • 我的图书馆
  • 登录
  • 详细信息显示
  • 放入我的书架
  • 预约/预借图书
  • 作者相关作品
  • 分类相关作品
  • 丛书相关作品
  • 出版社相关作品

书目信息

  • 表格格式
  • 工作单格式
  • 卡片格式
题名:
脑信息数据分析方法研究
    
 
作者: 杨孝敬 著
分册:  
出版信息: 北京   科学技术文献出版社  2019.11
页数: 12, 400页
开本: 29cm
丛书名:
单 册:
中图分类: R338.8 , TP18
科图分类:
主题词: 脑--电生理学--信号分析--研究 , 人工智能--研究
电子资源:
ISBN: 978-7-5189-4859-8
000 01129nam0 2200289 45
001 012001000550
005 20140818173226.0
010    @a978-7-5189-4859-8@dCNY108.00
099    @aCAL 012019090439
100    @a20190617d2018 em y0chiy0110 ea
101 0  @achi
102    @aCN@b110000
105    @aak a 000yy
106    @ar
200 1  @a脑信息数据分析方法研究@Anao xin xi shu ju fen xi fang fa yan jiu@f杨孝敬著
210    @a北京@c科学技术文献出版社@d2019.11
215    @a12, 400页@c图@d29cm
314    @a杨孝敬, 现工作于安阳师范学院计算机与信息工程学院。
320    @a有书目 (第386-400页)
330    @a本书以脑电、眼动、核磁共振实验及ACT-R仿真为基础, 进行视觉决策及静息态、任务态的脑信号数据研究, 针对眼动技术在人-Web交互中应用所遇到的几个主要问题提出相应的解决方案, 并验证方法及模型的正确性。这些成果能够促进认知心理学与人机交互的融合, 为构建自然、和谐、智能的人-Web交互提供支持。
606 0  @a脑@x电生理学@x信号分析@x研究
606 0  @a人工智能@x研究
690    @aR338.8@v5
690    @aTP18@v5
701  0 @a杨孝敬@Ayang xiao jing@4著
801    @aCN@bAHXH@c20210922
905    @b1359111-5@dR338.8@e380@f5
    
    脑信息数据分析方法研究/杨孝敬著.-北京:科学技术文献出版社,2019.11
    12, 400页:图;29cm
    
    
    ISBN 978-7-5189-4859-8:CNY108.00
    本书以脑电、眼动、核磁共振实验及ACT-R仿真为基础, 进行视觉决策及静息态、任务态的脑信号数据研究, 针对眼动技术在人-Web交互中应用所遇到的几个主要问题提出相应的解决方案, 并验证方法及模型的正确性。这些成果能够促进认知心理学与人机交互的融合, 为构建自然、和谐、智能的人-Web交互提供支持。
●
相关链接 在E读中查询图书 在五车中查询图书 在当当中查询图书 在豆瓣中查询图书


正题名:脑信息数据分析方法研究     索取号:R338.8/380         预约/预借

序号 登录号 条形码 馆藏地/架位号 状态 备注
1 1359111   213591111   第二样本阅览室/ [索取号:R338.8/380] 在馆    
2 1359112   213591120   教育系资料室/ [索取号:R338.8/380] 在馆    
3 1359113   213591139   教育系资料室/ [索取号:R338.8/380] 在馆    
4 1359114   213591148   第三借阅区/ [索取号:R338.8/380] 在馆    
5 1359115   213591157   第三借阅区/ [索取号:R338.8/380] 在馆    
唐山师范学院图书馆 欢迎您!
大连网信软件有限公司© 版权所有